Topographia und eigentliche beschreibung der vornembsten staete, schloesser auch anderer plaetze und orter in denen herzogthuemer braunschweig und luneburg und denen dazu gehorende grafschafften herrschafften und landen. (Record no. 8195)

MARC details
000 -CABECERA
campo de control de longitud fija 01084nam a2200277 a 4500
001 - NÚMERO DE CONTROL
campo de control BRCA_8529
005 - FECHA Y HORA DE LA ÚLTIMA TRANSACCIÓN
campo de control 20190320210325.0
008 - DATOS DE LONGITUD FIJA--INFORMACIÓN GENERAL
campo de control de longitud fija 100816s1654----gw-a######---#001-0#ger-#
041 ## - CÓDIGO DE LENGUA
Código de lengua del texto/banda sonora o título independiente ger
044 ## - CÓDIGO DEL PAÍS DE LA ENTIDAD EDITORA/PRODUCTORA
Código MARC del país gw
050 #4 - SIGNATURA TOPOGRÁFICA DE LA BIBLIOTECA DEL CONGRESO
Número de clasificación TA545
Número de documento/Ítem .T67
-- 1654
245 10 - MENCIÓN DE TÍTULO
Título Topographia und eigentliche beschreibung der vornembsten staete, schloesser auch anderer plaetze und orter in denen herzogthuemer braunschweig und luneburg und denen dazu gehorende grafschafften herrschafften und landen.
260 ## - PUBLICACIÓN, DISTRIBUCIÓN, ETC.
Lugar de publicación, distribución, etc. Frankfurt
Nombre del editor, distribuidor, etc. Matthaei Merian´s Erbe
Fecha de publicación, distribución, etc. 1654
300 ## - DESCRIPCIÓN FÍSICA
Extensión 200 p.
Otras características físicas il.
Dimensiones 34 cm
500 ## - NOTA GENERAL
Nota general Fondo antiguo
500 ## - NOTA GENERAL
Nota general Se encuentra en Caja Fuerte
500 ## - NOTA GENERAL
Nota general COG-251
500 ## - NOTA GENERAL
Nota general Grabado en portada
500 ## - NOTA GENERAL
Nota general Incluye índice
500 ## - NOTA GENERAL
Nota general Estado físico: diversas páginas del documento se encuentran desprendidas
500 ## - NOTA GENERAL
Nota general Nota de encuadernación: en piel pergamino
506 0# - NOTA DE RESTRICCIONES AL ACCESO
Limitaciones de acceso Fondo reservado: para su consulta es necesario credencial de usuario y carta de motivos
650 14 - PUNTO DE ACCESO ADICIONAL DE MATERIA--TÉRMINO DE MATERIA
Término de materia o nombre geográfico como elemento de entrada Topografía
Subdivisión cronológica Trabajos anteriores a 1800
9 (RLIN) 21395
902 ## - CATALOGADOR
Iniciales LAR
942 ## - ELEMENTOS DE PUNTO DE ACCESO ADICIONAL (KOHA)
Fuente del sistema de clasificación o colocación Library of Congress Classification
Tipo de ítem Koha Libros
Holdings
Estado de retiro Estado de pérdida Estado dañado No para préstamo Localización permanente Ubicación/localización actual Fecha de adquisición Número de inventario Total de préstamos Signatura topográfica completa Código de barras Fecha visto por última vez Precio válido a partir de Tipo de ítem Koha
Activo (en colección)       Biblioteca del Museo Franz Mayer (Rogerio Casas-Alatriste) Biblioteca del Museo Franz Mayer (Rogerio Casas-Alatriste) 10/08/2016 COG-251   TA545 .T67 1654 (COG-251) LAR00036 22/03/2019 22/03/2019 Libros